000 00259nam a2200097Ia 4500
001 640562
005 20250826153450.0
008 250824s9999 xx 000 0 und d
245 0 _aYAZI TURA VE OLASILIK HESAPLARI
_cKJARTAN POSKITT
260 _bEĞLENCELİ BİLGİ
999 _c640562
_d640562